000
00273 a2200133 4500
020
_a
9780439768726
041
_a
spa
100
_a
Korman, Gordon
245
_a
Inmerso̕n. Libro dos, El Fondo del mar
942
_c
BK
999
_c
8227
_d
8227
999
_d
8227
999
_d
8227
999
_d
8227